000 03224cam a2200829 i 4500
082 0 0 _a624.1/51363
_bPUN
_cN-01,P-210
100 _aPunmia, B.C.
_922958
245 0 0 _aIrrigation and water power engineering.
_cB.C.Punmia, Ashok Kumar Jain,
250 _a16th. edition.
260 _aMumbai.:
_bLaxmi Publications (p LTD.)
_c2009
300 _axvi, 970 pages :
_billustrations ;
_c24 cm
500 _aText Book
526 _a0
_b0
_c0
_d624_151363000000000_PUN
526 _a0
_b0
_c0
_d624_151363000000000_PUN
526 _a0
_b0
_c0
_d624_151363000000000_PUN
526 _a0
_b0
_c0
_d624_151363000000000_PUN
526 _a0
_b0
_c0
_d624_151363000000000_PUN
526 _a0
_b0
_c0
_d624_151363000000000_PUN
526 _a0
_b0
_c0
_d624_151363000000000_PUN
526 _a0
_b0
_c0
_d624_151363000000000_PUN
526 _a0
_b0
_c0
_d624_151363000000000_PUN
526 _a0
_b0
_c0
_d624_151363000000000_PUN
526 _a0
_b0
_c0
_d624_151363000000000_PUN
526 _a0
_b0
_c0
_d624_151363000000000_PUN
526 _a0
_b0
_c0
_d624_151363000000000_PUN
526 _a0
_b0
_c0
_d624_151363000000000_PUN
526 _a0
_b0
_c0
_d624_151363000000000_PUN
526 _a0
_b0
_c0
_d624_151363000000000_PUN
526 _a0
_b0
_c0
_d624_151363000000000_PUN
526 _a0
_b0
_c0
_d624_151363000000000_PUN
526 _a0
_b0
_c0
_d624_151363000000000_PUN
526 _a0
_b0
_c0
_d624_151363000000000_PUN
526 _a0
_b0
_c0
_d624_151363000000000_PUN
526 _a0
_b0
_c0
_d624_151363000000000_PUN
526 _a0
_b0
_c0
_d624_151363000000000_PUN
526 _a0
_b0
_c0
_d624_151363000000000_PUN
526 _a0
_b0
_c0
_d624_151363000000000_PUN
526 _a0
_b0
_c0
_d624_151363000000000_PUN
526 _a0
_b0
_c0
_d624_151363000000000_PUN
526 _a0
_b0
_c0
_d624_151363000000000_PUN
526 _a0
_b0
_c0
_d624_151363000000000_PUN
526 _a0
_b0
_c0
_d624_151363000000000_PUN
526 _a0
_b0
_c0
_d624_151363000000000_PUN
526 _a0
_b0
_c0
_d624_151363000000000_PUN
526 _a0
_b0
_c0
_d624_151363000000000_PUN
526 _a0
_b0
_c0
_d624_151363000000000_PUN
526 _a0
_b0
_c0
_d624_151363000000000_PUN
526 _a0
_b0
_c0
_d624_151363000000000_PUN
526 _a0
_b0
_c0
_d624_151363000000000_PUN
526 _a0
_b0
_c0
_d624_151363000000000_PUN
526 _a0
_b0
_c0
_d624_151363000000000_PUN
526 _a0
_b0
_c0
_d624_151363000000000_PUN
526 _a0
_b0
_c0
_d624_151363000000000_PUN
526 _a0
_b0
_c0
_d624_151363000000000_PUN
526 _a0
_b0
_c0
_d624_151363000000000_PUN
526 _a0
_b0
_c0
_d624_151363000000000_PUN
526 _a0
_b0
_c0
_d624_151363000000000_PUN
526 _a0
_b0
_c0
_d624_151363000000000_PUN
526 _a0
_b0
_c0
_d624_151363000000000_PUN
526 _a0
_b0
_c0
_d624_151363000000000_PUN
526 _a0
_b0
_c0
_d624_151363000000000_PUN
526 _a0
_b0
_c0
_d624_151363000000000_PUN
526 _a0
_b0
_c0
_d624_151363000000000_PUN
526 _a0
_b0
_c0
_d624_151363000000000_PUN
526 _a0
_b0
_c0
_d624_151363000000000_PUN
526 _a0
_b0
_c1
_d624_151363000000000_PUN
526 _a0
_b0
_c1
_d624_151363000000000_PUN
526 _a0
_b1
_c0
_d624_151363000000000_PUN
650 0 _aIrrigation.
650 0 _aNUST.
_96342
942 _2ddc
_cBK
999 _c542526
_d542526